| 000 | 005280000a22001810004500 | ||
|---|---|---|---|
| 003 | MACL | ||
| 005 | 20160318121805.0 | ||
| 008 | 160318b xxu||||| |||| 00| 0 eng d | ||
| 040 |
_aMACL _cMACL |
||
| 041 | _aHindi | ||
| 082 | _a891.432 | ||
| 100 |
_aअश्क उपेन्द्रनाथ _91810 |
||
| 245 | _aस्वर्ग की झलक | ||
| 260 |
_bनीलाभ प्रकाशन _c1950 _aइलाहाबाद |
||
| 350 | _a1 | ||
| 650 |
_aDrama _947174 |
||
| 942 |
_cHIN _k891.432 _2ddc |
||
| 999 |
_c23116 _d23116 |
||